000 00664nam a22002417a 4500
003 UA-OsUOA
001 23603
007 ta
008 20040126b un ||||| |||| 00| 0 ukr d
090 _a311.4
_bП81
942 _cBK
040 _aUA-OsUOA
_brus
_cUA-OsUOA
_dUA-OsUOA
245 _aПромышленность СССР
_bСтатистический сборник
_cРед. М.П.Жданова Л.Ю.Логинова
300 _a286 с.
955 _a0
041 _arus
080 _a311.4
020 _a5-279-00271-2
260 _aМосква
_bФинансы и статистика
_c1988
044 _aRU
650 7 _2UDC
999 _c309855
_d309855